LIBRARY ONLINE CATALOGUE

Genomics and pharmacogenomics in anticancer drug development and clinical response / (Record no. 20622)

MARC details
000 -LEADER
fixed length control field 01402cam a22003854a 4500
001 - CONTROL NUMBER
control field 15472966
003 - CONTROL NUMBER IDENTIFIER
control field OSt
005 - DATE AND TIME OF LATEST TRANSACTION
control field 20250206094602.0
008 - FIXED-LENGTH DATA ELEMENTS--GENERAL INFORMATION
fixed length control field 250206s2008 njua b 001 0 eng c
010 ## - LIBRARY OF CONGRESS CONTROL NUMBER
LC control number 2008938265
Canceled/invalid LC control number 2008938268
020 ## - INTERNATIONAL STANDARD BOOK NUMBER
International Standard Book Number 9781588296467
040 ## - CATALOGING SOURCE
Original cataloging agency KABU
Transcribing agency KABU
050 00 - LIBRARY OF CONGRESS CALL NUMBER
Classification number RC271
Item number .G46 2009
245 00 - TITLE STATEMENT
Title Genomics and pharmacogenomics in anticancer drug development and clinical response /
Statement of responsibility, etc. edited by Federico Innocenti.
260 ## - PUBLICATION, DISTRIBUTION, ETC. (IMPRINT)
Place of publication, distribution, etc. Totowa, NJ :
Name of publisher, distributor, etc. Humana Press,
Date of publication, distribution, etc. 2010
300 ## - PHYSICAL DESCRIPTION
Extent xiv, 379p. :
490 1# - SERIES STATEMENT
Series statement Cancer drug discovery and development
504 ## - BIBLIOGRAPHY, ETC. NOTE
Bibliography, etc Includes bibliographical references and index.
505 0# - FORMATTED CONTENTS NOTE
Formatted contents note Genomic experimental approaches in oncology -- Pharmacogenomics of toxicity and response of chemotherapy -- Pharmacogenomics in clinical drug development in oncology.
650 #0 - SUBJECT ADDED ENTRY--TOPICAL TERM
Topical term or geographic name as entry element Cancer
General subdivision Genetic aspects.
650 #0 - SUBJECT ADDED ENTRY--TOPICAL TERM
Topical term or geographic name as entry element Cancer
General subdivision Molecular aspects.
650 #0 - SUBJECT ADDED ENTRY--TOPICAL TERM
Topical term or geographic name as entry element Genomics.
650 #0 - SUBJECT ADDED ENTRY--TOPICAL TERM
Topical term or geographic name as entry element Pharmacogenomics.
650 #0 - SUBJECT ADDED ENTRY--TOPICAL TERM
Topical term or geographic name as entry element Drug development.
650 #0 - SUBJECT ADDED ENTRY--TOPICAL TERM
Topical term or geographic name as entry element Antineoplastic agents
General subdivision Development.
650 12 - SUBJECT ADDED ENTRY--TOPICAL TERM
Topical term or geographic name as entry element Antineoplastic Agents.
650 22 - SUBJECT ADDED ENTRY--TOPICAL TERM
Topical term or geographic name as entry element Genomics.
650 22 - SUBJECT ADDED ENTRY--TOPICAL TERM
Topical term or geographic name as entry element Neoplasms
General subdivision drug therapy.
650 22 - SUBJECT ADDED ENTRY--TOPICAL TERM
Topical term or geographic name as entry element Neoplasms
General subdivision genetics.
650 22 - SUBJECT ADDED ENTRY--TOPICAL TERM
Topical term or geographic name as entry element Pharmacogenetics
General subdivision methods.
700 1# - ADDED ENTRY--PERSONAL NAME
Personal name Innocenti, Federico.
Relator term Editor
800 ## - SERIES ADDED ENTRY--PERSONAL NAME
Personal name Teicher, Beverly A.
Relator term Editor
830 #0 - SERIES ADDED ENTRY--UNIFORM TITLE
Uniform title Cancer drug discovery and development.
942 ## - ADDED ENTRY ELEMENTS (KOHA)
Source of classification or shelving scheme Library of Congress Classification
Koha item type General Collection
Holdings
Withdrawn status Lost status Source of classification or shelving scheme Not for loan Home library Current library Shelving location Date acquired Cost, normal purchase price Inventory number Total Checkouts Full call number Barcode Date last seen Copy number Price effective from Koha item type
    Library of Congress Classification   Kabarak, Main Campus Kabarak, Main Campus General Stacks 06/02/2025 25646.00 2025/2034   RC271 .G46 2009 C. 1 33390 06/02/2025 C.1 06/02/2025 General Collection
    Library of Congress Classification   Kabarak, Main Campus Kabarak, Main Campus General Stacks 06/02/2025 25646.00 2025/2033   RC271 .G46 2009 C. 2 33391 06/02/2025 C.2 06/02/2025 General Collection